| 000 | 00877nam a2200265Ia 4500 | ||
|---|---|---|---|
| 001 | 22040 | ||
| 005 | 20260320113336.0 | ||
| 008 | 260320s9999||||xx |||||||||||||| ||und|| | ||
| 020 | _a9786124102851 | ||
| 041 | _aESP | ||
| 082 |
_a289.985 _bR35 |
||
| 100 |
_aRegan Mainville, Jaime, _eAUT |
||
| 245 | 0 |
_aHacia la tierra sin mal : _bla religión del pueblo en la Amazonía |
|
| 246 |
_a _5 _b |
||
| 250 | _aCuarta edición | ||
| 260 |
_aLima : _bUniversidad Antonio Ruiz de Montoya. Fondo Editorial, _c2024 |
||
| 300 |
_a536 páginas : _bilustraciones, fotografías ; _c21 cm. _e |
||
| 440 |
_a _n _v |
||
| 650 | _aREL | ||
| 653 | _aReligiosidad popular; Mitología indígena; Chamanismo | ||
| 654 | _aCHU | ||
| 700 |
_a _c |
||
| 856 |
_uhttps://0u20jo9g3-y-https-www-jstor-org.itmsp.museknowledge.com/ _zVéase además: Base de datos JSTOR |
||
| 942 |
_cLIB _dJUS _fMAT _2ddc _n |
||
| 999 |
_c22040 _d22040 |
||